| 000 | 00617cam a2200229 u 4500 | ||
|---|---|---|---|
| 003 | UPN | ||
| 005 | 20221103100534.0 | ||
| 008 | 190828s1987 cu r 000|p spa d | ||
| 035 | _aUPN01000232504 | ||
| 040 |
_aMX-MxUPN _bspa _cMX-MxUPN |
||
| 049 | _aCG | ||
| 050 | 4 |
_aPQ7384 _bC72 1987 |
|
| 100 | 1 |
_aCruz Varela, María Elena, _d1953- _943163 |
|
| 245 | 1 | 0 | _aAfuera está lloviendo |
| 260 |
_aLa Habana, Cuba : _bLetras Cubanas, _c1987. |
||
| 300 | _a61 páginas | ||
| 490 | 0 | _aPoesía | |
| 650 | 4 |
_aPoesía cubana _91227 |
|
| 902 | _bVíctorGodínez/241022/M | ||
| 942 |
_2lcc _cFOLL |
||
| 999 |
_c204599 _d204599 |
||